Características del lenguaje económico español actual

Guardado en:
Detalles Bibliográficos
Autor principal: Spišiaková, Mária, 1973-
Formato: Capítulo de libro
Lenguaje:español
Materias:
Etiquetas: Agregar Etiqueta
Sin Etiquetas, Sea el primero en etiquetar este registro!

MARC

LEADER 00000nla a2200000 4500
001 0241365
005 20240502073929.7
041 0 |a spa 
044 |a SK 
245 1 0 |a Características del lenguaje económico español actual  |c Mária Spišiaková 
610 2 0 |a jazyky cudzie 
610 2 0 |a španielčina 
610 2 0 |a jazyk odborný 
610 2 0 |a ekonómia 
610 2 0 |a lexikológia 
100 1 |a Spišiaková, Mária, 1973-